| 000 | 01595cam a22002895a 4500 | ||
|---|---|---|---|
| 001 | 15376543 | ||
| 005 | 20170420104455.0 | ||
| 008 | 080722t2008 ilu frb 001 0 eng d | ||
| 020 | _a9781577665335 | ||
| 020 | _a1577665333 | ||
| 040 |
_aBTCTA _cBTCTA _dBAKER _dYDXCP _dBWX _dUAT _dIAY _dIQU _dDLC _dEG-ScBUE _beng |
||
| 043 | _an-us--- | ||
| 082 | 0 | 4 |
_222 _a320.973014 _bDEN |
| 100 | 1 |
_aDenton, Robert E., _cJr. _928782 |
|
| 245 | 1 | 0 |
_aPolitics and communication in America : _bcampaigns, media, and governing in the 21st century / _cRobert E. Denton, Jr., Jim A. Kuypers. |
| 260 |
_aLong Grove : _bWaveland Press, _cc.2008. |
||
| 300 |
_axiv, 353 p. ; _c23 cm. |
||
| 500 | _a"[This work is] an undergraduate textbook that surveys the field of political communication and includes both reviews of key studies and literature"--Pref. | ||
| 500 | _a"The foundation for this book is a volume originally published in 1985 [and authored] by Robert E. Denton, Jr. and Gary Woodward, entitled Political communication in America ... third edition was published in 1999"--Pref. | ||
| 500 | _a"The foundation for this book is a volume originally published in 1985 [and authored] by Robert E. Denton, Jr. and Gary Woodward, entitled Political communication in America ... third edition was published in 1999"--Pref. | ||
| 504 | _aIncludes bibliographical references and index. | ||
| 650 | 7 |
_aCommunication in politics _zUnited States. _2BUEsh |
|
| 651 | 7 |
_aUnited States _xPolitics and government _y21st century. _2BUEsh _922791 |
|
| 653 |
_bBUSBOL _cApril2017 |
||
| 700 | 1 | _aKuypers, Jim A. | |
| 942 | _2ddc | ||
| 999 |
_c24675 _d24647 |
||